Meet M and M / (Record no. 619)

MARC details
000 -LEADER
fixed length control field 00874cam a2200289 i 4500
005 - DATE AND TIME OF LATEST TRANSACTION
control field 20230627095154.0
020 ## - INTERNATIONAL STANDARD BOOK NUMBER
International Standard Book Number 0394841840
020 ## - INTERNATIONAL STANDARD BOOK NUMBER
International Standard Book Number 0394941845 (lib. bdg.)
040 ## - CATALOGING SOURCE
Original cataloging agency DLC
Transcribing agency DLC
Modifying agency DLC
Language of cataloging eng
050 00 - LIBRARY OF CONGRESS CALL NUMBER
Classification number PZ7.R71973
Item number Me
082 00 - DEWEY DECIMAL CLASSIFICATION NUMBER
Classification number [E]
100 1# - MAIN ENTRY--PERSONAL NAME
Personal name Ross, Pat,
Dates associated with a name 1943-
245 10 - TITLE STATEMENT
Title Meet M and M /
Statement of responsibility, etc. by Pat Ross ; illustrated by Marylin Hafner.
260 ## - PUBLICATION, DISTRIBUTION, ETC.
Place of publication, distribution, etc. New York :
Name of publisher, distributor, etc. Puffin,
Date of publication, distribution, etc. 1997.
300 ## - PHYSICAL DESCRIPTION
Extent 41 pages :
Other physical details illustrated ;
Dimensions 22 cm.
490 0# - SERIES STATEMENT
Series statement An I am reading book
505 ## - FORMATTED CONTENTS NOTE
Formatted contents note K
520 ## - SUMMARY, ETC.
Summary, etc. Best friends Mandy and Mimi do everything together until they have a falling out.
521 ## - TARGET AUDIENCE NOTE
Target audience note 560 <br/>
Source Lexile
521 ## - TARGET AUDIENCE NOTE
Target audience note K <br/>
Source Raz-Plus
650 #1 - SUBJECT ADDED ENTRY--TOPICAL TERM
Topical term or geographic name entry element Friendship
General subdivision Fiction.
700 1# - ADDED ENTRY--PERSONAL NAME
Personal name Hafner, Marylin.
906 ## - LOCAL DATA ELEMENT F, LDF (RLIN)
a 7
b cbc
c orignew
d 1
e ocip
f 19
g y-gencatlg
942 ## - ADDED ENTRY ELEMENTS (KOHA)
Source of classification or shelving scheme Dewey Decimal Classification
Koha item type Books
Suppress in OPAC No
999 ## -
-- 619
-- 619
Holdings
Withdrawn status Lost status Source of classification or shelving scheme Damaged status Not for loan Collection Home library Current library Shelving location Date acquired Total Checkouts Full call number Barcode Date last seen Date last checked out Price effective from Koha item type
    Library of Congress Classification     Juvenile Fiction Footprints International School Library Network Toul Kork Campus Footprints International School Library Network Toul Kork Campus TK Primary Library Room(4th Floor), Bookcase 3&4, Shelves 17-32, Yellow Books 06/27/2023 1 ROS Fic PZ7.R71973 FISTK00638 12/03/2024 08/23/2024 06/27/2023 Books